| 000 | 00559nam a2200205Ia 4500 | ||
|---|---|---|---|
| 003 | OSt | ||
| 005 | 20230630132014.0 | ||
| 008 | 210423s9999 xx 000 0 und d | ||
| 040 | _cAL | ||
| 041 | _aeng | ||
| 082 |
_a307.1772 THUC _223 |
||
| 100 |
_aNACDIP _9120414 |
||
| 245 | _aCreating voice for indigenous people | ||
| 260 |
_bNational institute of personnel management _aMumbai _c2003 |
||
| 365 |
_b595 _cINR |
||
| 650 |
_aCommunities _9120415 |
||
| 650 |
_aSociology _9120416 |
||
| 906 | _aCreating ; indigenous ; people ; voice | ||
| 942 |
_2ddc _cBK |
||
| 999 |
_c173788 _d173788 |
||